| 000 | 00623nam a2200157 a 4500 | ||
|---|---|---|---|
| 001 | 000040170 | ||
| 005 | 20201002033947.0 | ||
| 008 | 130812s1966 mx 000 0 spa d | ||
| 040 |
_aDO-SdBNP _bspa _cBNPHU |
||
| 245 | 0 | 0 |
_aPaz para vietnam : _buna nueva aproximación al Sudeste asiático / _c(informe elaborado por American Friends Service Committee) ; versión al español de Angel González Vega. |
| 260 |
_aMéxico : _bEditorial Grijalbo, _c1966. |
||
| 300 |
_a189 p. ; _c21 cm. |
||
| 500 | _aPrecede al tìtulo: American Friends Service Committee | ||
| 546 | _aPeace in Vietnam | ||
| 700 | 1 |
_aGonzález Vega, Angel _966443 |
|
| 999 |
_c39660 _d39660 |
||